Country Flag-Shape Picture Quiz #9 - Statistics

General Stats
  • This quiz has been taken 46,164 times
    41,712 since last reset
  • The average score is 13 of 16
Answer Stats
Picture Answer % Correct
Kazakhstan
96%
Nigeria
93%
North Korea
93%
Slovakia
91%
Malaysia
90%
Syria
87%
Latvia
86%
Luxembourg
86%
Madagascar
81%
Lithuania
77%
El Salvador
76%
Togo
73%
Nauru
71%
Suriname
63%
Antigua and Barbuda
60%
Cape Verde
49%
No matching quizzes found
Score Distribution
Percent of People with Each Score
Percentile by Number Answered
Your Score History
You have not taken this quiz since the last reset